000 00712nam a22002417a 4500
008 131111b xxu||||| |||| 00| 0 eng d
020 _a81-7648-591-8
024 _cAvailable
037 _cAvailable
040 _aMBSTU LIBRARY
_dMBSTU LIBRARY
082 _222
_a333.95 JOB
100 _aJoshi, P.C.
245 _aBiodiversity and conservation.
260 _aNew Delhi
_bA.P.H. Publisher Corporation.
_c2004
300 _a22 cm.
_b384 page
_f1
_g22 cm.
600 _2Biodiversity.
650 _2Biodiversity.
700 _aJoshi, P.C.
270 _aNew Delhi
_bNew Delhi
_dIndia
365 _b1074.00
_d1074.00
942 _2ddc
_cBK
999 _c819
_d819